La stratégie commerciale du développment

Đã lưu trong:
书目详细资料
主要作者: Lacachaarrierrìere, Guy de
格式: 图书
语言:Undetermined
出版: Paris Preesses Universitaires de France 1973
主题:
标签: 添加标签
没有标签, 成为第一个标记此记录!
Thư viện lưu trữ: Trung tâm Học liệu Trường Đại học Cần Thơ
LEADER 00535nam a2200181Ia 4500
001 CTU_83383
008 210402s9999 xx 000 0 und d
082 |a 381.3 
082 |b L128 
100 |a Lacachaarrierrìere, Guy de 
245 0 |a La stratégie commerciale du développment 
245 0 |c Guy de Lacachaarrierrìere 
260 |a Paris 
260 |b Preesses Universitaires de France 
260 |c 1973 
650 |a Commercial policy 
904 |i QHieu(sửa) 
980 |a Trung tâm Học liệu Trường Đại học Cần Thơ